| 000 | 00834nam a22002777a 4500 | ||
|---|---|---|---|
| 001 | 3772 | ||
| 003 | FISKH | ||
| 005 | 20250815094239.0 | ||
| 008 | 240506b cb ||||| |||| 00| 0 eng d | ||
| 020 | _a9780859531412 | ||
| 040 |
_aFISKH _beng _cFISKH _dFISKH |
||
| 050 | _aPZ8.3 | ||
| 082 | _a782.42162 | ||
| 100 | _aIves, Penny | ||
| 245 |
_aFive little ducks / _cPenny Ives |
||
| 260 |
_aChicago : _bChild's play , _c2002 |
||
| 300 |
_a16 unnumbered pages : _bcolor illustrations ; _c17 cm . |
||
| 490 | _aClassic Books with Holes | ||
| 505 | _aH | ||
| 520 | _aWhen her five little ducks disappear one by one, Mother Duck sets out to find them. | ||
| 521 | 8 |
_a430
_bLexile estimate |
|
| 521 | 8 |
_aH
_bRaz-Plus |
|
| 650 |
_acounting _vfiction |
||
| 700 |
_aIves, Penny _eillustrator |
||
| 942 |
_2ddc _cBK _n0 |
||
| 999 |
_c3772 _d3772 |
||